000 00218nam a2200097 4500
100 _aBrohi, Ali Ahmed K.
245 _aquest : Allama. I. I. Qazi
260 _aKarachi:
_bSAGA,
_c1992.
300 _a114p. ;
942 _cBK
999 _c10846
_d10846